Maintenance: from philosophy to practice (Record no. 75021)
[ view plain ]
| 000 -LEADER | |
|---|---|
| fixed length control field | 01196cab a2200217 4500 |
| 001 - CONTROL NUMBER | |
| control field | L129252 |
| 008 - FIXED-LENGTH DATA ELEMENTS--GENERAL INFORMATION | |
| fixed length control field | 050404n2005 000 0 eng u |
| 035 ## - SYSTEM CONTROL NUMBER | |
| System control number | (Sirsi) u129252 |
| 041 ## - LANGUAGE CODE | |
| Language code of text/sound track or separate title | eng |
| 100 ## - MAIN ENTRY--PERSONAL NAME | |
| Personal name | Dann, Nigel |
| 245 ## - TITLE STATEMENT | |
| Title | Maintenance: from philosophy to practice |
| 260 ## - PUBLICATION, DISTRIBUTION, ETC. | |
| Date of publication, distribution, etc. | 2005 |
| 490 ## - SERIES STATEMENT | |
| Series statement | Journal of Architectural Conservation |
| Volume/sequential designation | 11(1) March 2005, 42-54(13) |
| 520 ## - SUMMARY, ETC. | |
| Summary, etc. | The maintenance of historic buildings has received little academic study or practiceorientated development in the UK. Maintain our Heritage (which was established in 1999 on the premise that the UK should adopt a more sustainable and proactive maintenance based policy towards historic buildings) is trying to change this. It has developed a wide programme of research aimed at understanding current attitudes towards maintenance and exploring potential ways forward. A pilot maintenance service has been completed which inspected 73 listed buildings in the Bath area. |
| 590 ## - LOCAL NOTE (RLIN) | |
| Local note | IKA150405 |
| 650 ## - SUBJECT ADDED ENTRY--TOPICAL TERM | |
| Topical term or geographic name entry element | PLANNING POLICY GUIDANCE NOTE 15 |
| 650 ## - SUBJECT ADDED ENTRY--TOPICAL TERM | |
| Topical term or geographic name entry element | BATH |
| 690 ## - LOCAL SUBJECT ADDED ENTRY--TOPICAL TERM (OCLC, RLIN) | |
| Topical term or geographic name as entry element | BUILT ENVIRONMENT-BUILDING MAINTENANCE AND REFURBISHMENT-BUILDING CONSERVATION |
| 700 ## - ADDED ENTRY--PERSONAL NAME | |
| Personal name | Cantell, Timothy |
| 942 ## - ADDED ENTRY ELEMENTS (KOHA) | |
| Suppress in OPAC | 0 |
| Withdrawn status | Lost status | Source of classification or shelving scheme | Damaged status | Not for loan | Home library | Current library | Shelving location | Date acquired | Total Checkouts | Full call number | Barcode | Date last seen | Copy number | Price effective from | Koha item type |
|---|---|---|---|---|---|---|---|---|---|---|---|---|---|---|---|
| Dewey Decimal Classification | London | London | Journal article | 04/04/2005 | L129252 | 129252-1001 | 06/08/2019 | 1 | 06/08/2019 | Journal article |